Jak dobrze mnie znasz? - Statystyki

Ogólne statystyki
  • Ten quiz został rozwiązany 62 razy
  • Średni wynik to 6 z 15
Statystyki odpowiedzi
Pytanie Odpowiedź % Poprawnych
Najlepsza litera N
91%
Liczba crushów (17.05.2022) 1
71%
W ilu językach znam alfabet (liczba) 4
66%
Liczba najlepszych przyjaciół (17.05.2022) 6
59%
Ile państw zwiedziłem (17.05.2022) 6
59%
Mój ulubiony kolor Fioletowy
45%
Przedmiot szkolny, z którego jestem najlepszy Angielski
34%
Ulubiony przedmiot szkolny Fizyka
25%
Ulubiona gra komputerowa Minecraft
25%
Jakiego koloru są ściany w moim pokoju Szary
21%
Najlepszy sport (oprócz breakdance) Siatkówka
20%
Moja największa pasja Breakdance
18%
Fav klub piłkarski Manchester United
14%
Kraj, który chciałbym zwiedzić Szwajcaria
5%
Moja data urodzenia (dzień w numerach i miesiąc słownie) 23 czerwca
4%
Nie znaleziono quizów pasujących do podanych kryteriów
Rozkład punktacji
Procent ludzi z każdym wynikiem
Percentyl według liczby udzielonych odpowiedzi
Twoja historia wyników
Nie rozwiązałeś tego quizu